Macroeconomía (Registro nro. 365)

Detalles MARC
000 -LEADER
fixed length control field 01709 a2200265 4500
001 - CONTROL NUMBER
control field 3780
005 - DATE AND TIME OF LATEST TRANSACTION
control field 20260407155430.0
008 - FIXED-LENGTH DATA ELEMENTS--GENERAL INFORMATION
fixed length control field 260407a1991 arg spa d
003 - CONTROL NUMBER IDENTIFIER
control field AR-UNSa-BCEJYS
040 ## - CATALOGING SOURCE
Original cataloging agency AR-UNSa-BCEJYS
Language of cataloging spa
Transcribing agency AR-UNSa-BCEJYS
080 ## - UNIVERSAL DECIMAL CLASSIFICATION NUMBER
Universal Decimal Classification number 330.101.541
Common auxiliary subdivision Macroeconomía
020 ## - INTERNATIONAL STANDARD BOOK NUMBER
International Standard Book Number 84-7615-683-9
100 1# - MAIN ENTRY--PERSONAL NAME
Personal name Dornbusch, Rudiger
245 10 - TITLE STATEMENT
Title Macroeconomía
250 ## - EDITION STATEMENT
Edition statement 5a. ed.
264 #1 - PRODUCTION, PUBLICATION, DISTRIBUTION, MANUFACTURE, AND COPYRIGHT NOTICE
Place of production, publication, distribution, manufacture Madrid :
Name of producer, publisher, distributor, manufacturer McGraw-Hill
Date of production, publication, distribution, manufacture, or copyright notice 1991
300 ## - PHYSICAL DESCRIPTION
Extent xv, 974 p.
Dimensions 23 cm.
505 ## - FORMATTED CONTENTS NOTE
Formatted contents note 1. Introducción - 2. La contabilidad nacional - 3. La renta y el gasto - 4. El dinero, el interés, y la renta - 5. La política fiscal, el efecto desplazamiento y la combinación - 6. La relaciones internacionales - 7. La oferta y la demanda agregadas: Introducción - 8. El consumo y el ahorro - 9. La inversión - 10. La demanda de dinero - 11. La reserva federal, el dinero y el crédito - 12. Las políticas de estabilización: persectivas y problemas - 13. La oferta agregada:los salarios, los precios y el empleo - 14. La inflación y el desempleo - 15. La relación del intercambio entre la inflación y el desempleo - 16. Los déficit presupuestarios y la deuda pública - 17. El dinero, los déficit y la inflación - 18. La macroeconomía: la interacción de los hechos y las ideas - 19. El crecimiento a largo plazo y la productividad - 20. La interdependencia y los ajustes internacionales
590 ## - LOCAL NOTE (RLIN)
Local note niveau_biblio:m niveau_hierar:0
700 1# - ADDED ENTRY--PERSONAL NAME
Personal name Fischer, Stanley
700 1# - ADDED ENTRY--PERSONAL NAME
Personal name Garcia-Pardo, Jimena
700 1# - ADDED ENTRY--PERSONAL NAME
Personal name Ojeda, Alonso
856 41 - ELECTRONIC LOCATION AND ACCESS
Uniform Resource Identifier <a href="https://t1.gstatic.com/images?q=tbn:ANd9GcS1UvtTJ1y5rvNCXsegLpoEp6hraMEGAAKvE8UOb7c2LPJxDORfMm8tr1hn">https://t1.gstatic.com/images?q=tbn:ANd9GcS1UvtTJ1y5rvNCXsegLpoEp6hraMEGAAKvE8UOb7c2LPJxDORfMm8tr1hn</a>
Link text Imagen de portada
Electronic format type image/jpeg
942 ## - ADDED ENTRY ELEMENTS (KOHA)
Koha item type
Existencias
Withdrawn status Lost status Damaged status Not for loan Home library Current library Shelving location Date acquired Total checkouts Full call number Barcode Date last seen Price effective from Koha item type
        Biblioteca Prof. Eusebio Cleto del Rey Biblioteca Prof. Eusebio Cleto del Rey   07/04/2026   330.101.541 D713 5ed. L58650 07/04/2026 07/04/2026 Libro
        Biblioteca Prof. Eusebio Cleto del Rey Biblioteca Prof. Eusebio Cleto del Rey   07/04/2026   330.101.541 D713 5ed. L58642 07/04/2026 07/04/2026 Libro
        Biblioteca Prof. Eusebio Cleto del Rey Biblioteca Prof. Eusebio Cleto del Rey   07/04/2026   330.101.541 D713 5ed. L58648 07/04/2026 07/04/2026 Libro
        Biblioteca Prof. Eusebio Cleto del Rey Biblioteca Prof. Eusebio Cleto del Rey   07/04/2026   330.101.541 D713 5ed. L58641 07/04/2026 07/04/2026 Libro
        Biblioteca Prof. Eusebio Cleto del Rey Biblioteca Prof. Eusebio Cleto del Rey   07/04/2026   330.101.541 D713 5ed. L58646 07/04/2026 07/04/2026 Libro
        Biblioteca Prof. Eusebio Cleto del Rey Biblioteca Prof. Eusebio Cleto del Rey   07/04/2026   330.101.541 D713 5ed. L58649 07/04/2026 07/04/2026 Libro